[Event " NK Senioren en Veteranen 2023"]
[Site "Dieren, Netherlands"]
[Date "2023.07.20"]
[Round "6"]
[White "Van Wageningen, Arie"]
[Black "Lootsma, Jan"]
[Result "1/2-1/2"]
[WhiteElo "1988"]
[BlackElo "1979"]
[PlyCount "69"]
[EventDate "2023.??.??"]

1. Nf3 d5 2. d4 Nf6 3. c4 e6 4. Nc3 Be7 5. Bg5 O-O 6. e3 a6 7. Rc1 dxc4 8. Bxc4
b5 9. Bd3 Bb7 10. O-O Nbd7 11. Qe2 c5 12. dxc5 Nxc5 13. Bb1 b4 14. Bxf6 Bxf6
15. Nb5 Bxf3 16. Qxf3 Na4 17. Rfd1 Qa5 18. Qe4 g6 19. Nd4 Bxd4 20. Rxd4 Rac8
21. Rf1 Nxb2 22. Rxb4 Rb8 23. Rxb8 Rxb8 24. h3 Na4 25. Qc6 Nc3 26. Bd3 Nb5 27.
Bc4 Rb6 28. Qc8+ Kg7 29. Bb3 Nd6 30. Qd8 Qc5 31. Rd1 h5 32. Qe7 Nb7 33. Qd7 Na5
34. Qe8 Rd6 35. Rxd6 1/2-1/2

[Event " NK Senioren en Veteranen 2023"]
[Site "Dieren, Netherlands"]
[Date "2023.07.20"]
[Round "6"]
[White "Houweling, Bert"]
[Black "Perrenet, Jacob"]
[Result "1-0"]
[WhiteElo "1976"]
[BlackElo "1975"]
[PlyCount "79"]
[EventDate "2023.??.??"]

1. e4 Nc6 2. Nf3 f5 3. exf5 d5 4. d4 Bxf5 5. Bb5 e6 6. Ne5 Nge7 7. Bg5 Qd6 8.
c3 Ng6 9. Qh5 Be7 10. Bxc6+ bxc6 11. Bf4 Bxb1 12. Rxb1 O-O 13. Nxg6 Rxf4 14.
Nxf4 Qxf4 15. O-O Bd6 16. g3 Qf6 17. Rbe1 g6 18. Qe2 Re8 19. Qa6 c5 20. Qxa7
cxd4 21. Qxd4 Qf7 22. Rd1 c5 23. Qd2 Rd8 24. a4 Bc7 25. b4 c4 26. f4 Qd7 27. a5
Bb8 28. Qe2 Kf7 29. Rb1 Qb5 30. Rfe1 Rd6 31. Kg2 Ba7 32. Qe5 Bb8 33. Qh8 h5 34.
Re5 Ra6 35. Qh7+ Kf6 36. Rbe1 Qe8 37. Qb7 Rd6 38. b5 d4 39. cxd4 c3 40. d5 1-0

[Event " NK Senioren en Veteranen 2023"]
[Site "Dieren, Netherlands"]
[Date "2023.07.20"]
[Round "6"]
[White "Bloemhard, Rudy"]
[Black "Etmans, Maarten"]
[Result "1-0"]
[WhiteElo "2020"]
[BlackElo "1946"]
[PlyCount "62"]
[EventDate "2023.??.??"]

1. Nf3 Nf6 2. c4 e6 3. g3 b6 4. Bg2 Bb7 5. O-O c5 6. b3 Be7 7. d4 cxd4 8. Qxd4
Ne4 9. Bb2 Bf6 10. Ne5 d6 11. Bxe4 Bxe5 12. Qxe5 dxe5 13. Bxb7 Nd7 14. Rd1 Rc8
15. Nc3 O-O 16. Ba3 Rc7 17. Ba6 Qa8 18. Nb5 Rfc8 19. Nxc7 Rxc7 20. Bd6 Rc5 21.
Bxc5 Nxc5 22. Rd6 h5 23. Rad1 Qe4 24. Bb5 Qxe2 25. Bc6 e4 26. Rd8+ Kh7 27. R8d2
Qf3 28. Re1 f5 29. Re3 Qg4 30. b4 Nd3 31. f3 Qg5 1-0

[Event " NK Senioren en Veteranen 2023"]
[Site "Dieren, Netherlands"]
[Date "2023.07.20"]
[Round "6"]
[White "Van Dijk, Bram"]
[Black "Helmond, Frans"]
[Result "0-1"]
[WhiteElo "1914"]
[BlackElo "1937"]
[PlyCount "54"]
[EventDate "2023.??.??"]

1. Nf3 Nf6 2. g3 c5 3. Bg2 Nc6 4. O-O e5 5. d3 d5 6. c4 d4 7. Bd2 Bd6 8. a3 Qc7
9. e3 O-O 10. exd4 exd4 11. b4 Bg4 12. bxc5 Bxc5 13. Bf4 Qd7 14. Qb3 Rae8 15.
Qb5 Bb6 16. c5 Bxf3 17. cxb6 Bxg2 18. Kxg2 Nd5 19. Bd2 Qf5 20. a4 a6 21. Qb3
Re2 22. Ra2 Rfe8 23. Na3 R8e6 24. Bc1 Rxa2 25. Qxa2 Nc3 26. Qd2 Qd5+ 27. Kg1
Ne2+ 0-1

[Event " NK Senioren en Veteranen 2023"]
[Site "Dieren, Netherlands"]
[Date "2023.07.21"]
[Round "7"]
[White "Wilgenhof, Otto"]
[Black "Van den Dikkenberg, Erik"]
[Result "1-0"]
[WhiteElo "2080"]
[BlackElo "2070"]
[PlyCount "107"]
[EventDate "2023.??.??"]

1. d4 Nf6 2. Nf3 g6 3. c4 Bg7 4. Nc3 O-O 5. e4 d6 6. Be2 e5 7. O-O Nbd7 8. Re1
Re8 9. Bf1 exd4 10. Nxd4 Nc5 11. f3 a5 12. Be3 c6 13. Qd2 Qb6 14. Rad1 a4 15.
b3 axb3 16. axb3 Be6 17. Na4 Qa5 18. Nxc5 dxc5 19. Nxe6 Rxe6 20. Qxa5 Rxa5 21.
Ra1 Rxa1 22. Rxa1 Ne8 23. Ra8 Bd4 24. Bxd4 cxd4 25. c5 Kf8 26. Rd8 Ke7 27. Rxd4
Re5 28. b4 f5 29. exf5 gxf5 30. Kf2 Nf6 31. Bc4 h5 32. h3 Ke8 33. Kg3 Ke7 34.
Kf4 Re1 35. Kxf5 Rb1 36. g4 hxg4 37. hxg4 Rxb4 38. g5 Nh5 39. Re4+ Kf8 40. Rh4
Ng7+ 41. Kg6 Ne8 42. Rf4+ Ke7 43. Re4+ Kf8 44. Rf4+ Ke7 45. Rf7+ Kd8 46. Be6
Rd4 47. Rxb7 Nc7 48. Rxc7 Kxc7 49. Kf5 Kd8 50. g6 Ke7 51. g7 Rd3 52. g8=Q Rxf3+
53. Ke4 Rf6 54. Bg4 1-0

[Event " NK Senioren en Veteranen 2023"]
[Site "Dieren, Netherlands"]
[Date "2023.07.21"]
[Round "7"]
[White "Vogel, Jaap"]
[Black "Wijnhoven, Theo"]
[Result "1/2-1/2"]
[WhiteElo "2080"]
[BlackElo "2046"]
[PlyCount "23"]
[EventDate "2023.??.??"]

1. d4 Nf6 2. Nf3 e6 3. Bf4 d5 4. e3 Bd6 5. Bg3 Bxg3 6. hxg3 Qd6 7. c4 c5 8. Nc3
cxd4 9. exd4 dxc4 10. Bxc4 Bd7 11. Ne5 Nc6 12. Nxd7 1/2-1/2

[Event " NK Senioren en Veteranen 2023"]
[Site "Dieren, Netherlands"]
[Date "2023.07.21"]
[Round "7"]
[White "Van Dorp, Folke"]
[Black "Hoogland, Dirk"]
[Result "1/2-1/2"]
[WhiteElo "2142"]
[BlackElo "2152"]
[PlyCount "34"]
[EventDate "2023.??.??"]

1. e4 c5 2. Ne2 Nc6 3. Nbc3 d6 4. g3 g6 5. Bg2 Bg7 6. d3 e6 7. O-O Nge7 8. Bg5
Qa5 9. a3 a6 10. h4 h5 11. Qd2 Qc7 12. Rab1 b5 13. b4 Bb7 14. Be3 cxb4 15. axb4
Ne5 16. Nd4 Qd7 17. Nce2 Rc8 1/2-1/2

[Event " NK Senioren en Veteranen 2023"]
[Site "Dieren, Netherlands"]
[Date "2023.07.21"]
[Round "7"]
[White "Boersma, Jan"]
[Black "Ochtman, Henk"]
[Result "1/2-1/2"]
[WhiteElo "2055"]
[BlackElo "1976"]
[PlyCount "33"]
[EventDate "2023.??.??"]

1. e4 c6 2. c4 g6 3. d4 d5 4. exd5 cxd5 5. Nc3 dxc4 6. Bxc4 Nc6 7. Nf3 Bg7 8.
Qb3 e6 9. d5 exd5 10. Nxd5 Nf6 11. Bg5 h6 12. Nxf6+ Bxf6 13. Bxf7+ Kf8 14. Bxg6
Qe7+ 15. Be3 Rg8 16. Bh5 Rxg2 17. O-O-O 1/2-1/2

[Event " NK Senioren en Veteranen 2023"]
[Site "Dieren, Netherlands"]
[Date "2023.07.21"]
[Round "7"]
[White "Lootsma, Jan"]
[Black "Houweling, Bert"]
[Result "0-1"]
[WhiteElo "1979"]
[BlackElo "1976"]
[PlyCount "98"]
[EventDate "2023.??.??"]

1. e4 c5 2. Nf3 Nc6 3. c3 Nf6 4. e5 Nd5 5. Bc4 Nb6 6. Bb3 c4 7. Bc2 d5 8. d4
cxd3 9. Bxd3 Bg4 10. Bf4 e6 11. Nbd2 Be7 12. O-O g5 13. Bg3 h5 14. h3 Bf5 15.
Qc2 Bxd3 16. Qxd3 h4 17. Bh2 Qc7 18. Nd4 a6 19. Nxc6 Qxc6 20. f4 Nc4 21. b3 Ne3
22. Rfe1 d4 23. Ne4 Rd8 24. Kh1 Rg8 25. Re2 gxf4 26. c4 Bg5 27. Rg1 Nf5 28.
Nxg5 Rxg5 29. Bxf4 Rg6 30. Qf3 Rg3 31. Qxc6+ bxc6 32. Rd2 Rc3 33. Kh2 d3 34. g4
Nd4 35. Kg2 Ne2 36. Rf1 Rd4 37. Bh2 Rc2 38. Rfd1 Nc3 39. Rxc2 dxc2 40. Rc1 Rd2+
41. Kf3 Rxh2 42. g5 Nxa2 43. Rxc2 Rxc2 44. Kg4 Rb2 45. Kxh4 Rxb3 46. Kg4 Rc3
47. h4 Rxc4+ 48. Kg3 Rxh4 49. Kxh4 c5 0-1

[Event " NK Senioren en Veteranen 2023"]
[Site "Dieren, Netherlands"]
[Date "2023.07.21"]
[Round "7"]
[White "Etmans, Maarten"]
[Black "Van Wageningen, Arie"]
[Result "1/2-1/2"]
[WhiteElo "1946"]
[BlackElo "1988"]
[PlyCount "27"]
[EventDate "2023.??.??"]

1. b3 d5 2. e3 Nf6 3. Bb2 c5 4. Nf3 Bg4 5. Be2 e6 6. O-O Bd6 7. d3 O-O 8. Nbd2
Nc6 9. c4 Rc8 10. d4 cxd4 11. Nxd4 Bxe2 12. Qxe2 a6 13. Rac1 Nxd4 14. exd4
1/2-1/2

[Event " NK Senioren en Veteranen 2023"]
[Site "Dieren, Netherlands"]
[Date "2023.07.21"]
[Round "7"]
[White "Jonkman, Fokke"]
[Black "Bloemhard, Rudy"]
[Result "1/2-1/2"]
[WhiteElo "2005"]
[BlackElo "2020"]
[PlyCount "106"]
[EventDate "2023.??.??"]

1. c4 g6 2. e4 e5 3. Nf3 Nc6 4. d4 d6 5. dxe5 Nxe5 6. Nxe5 dxe5 7. Qxd8+ Kxd8
8. Nc3 c6 9. Bg5+ f6 10. O-O-O+ Kc7 11. Be3 Bh6 12. Re1 Be6 13. h4 Bxe3+ 14.
Rxe3 Rd8 15. b3 Nh6 16. f3 Nf7 17. Bd3 h6 18. Rd1 Rd7 19. Ree1 Rhd8 20. Bc2
Rxd1+ 21. Rxd1 Rxd1+ 22. Bxd1 Nd8 23. Kd2 Kd6 24. Ke3 Bf7 25. Be2 Ne6 26. b4 b6
27. Bd3 g5 28. hxg5 fxg5 29. g4 Nd4 30. Ne2 Nxe2 31. Bxe2 Ke7 32. a3 c5 33. b5
Kf6 34. Kf2 Kg6 35. Kg3 h5 36. gxh5+ Kh6 37. Kg4 Be6+ 38. Kg3 Bd7 39. Kg2 Be8
40. Kg3 Bxh5 41. Kh3 Bf7 42. Kg4 Be6+ 43. Kg3 Bd7 44. Bf1 g4 45. fxg4 Kg5 46.
Be2 Be6 47. a4 Bf7 48. Bf1 Bg8 49. Bd3 Bh7 50. Bc2 Bg6 51. Bd3 Be8 52. Be2 Bg6
53. Bd3 Bf7 1/2-1/2